[Event "Heusenstamm Schloss op"]
[Site "Heusenstamm"]
[Date "2023.11.26"]
[Round "6"]
[White "Gaertner, Johannes"]
[Black "Plaumann, Arvin"]
[Result "1/2-1/2"]
[WhiteElo "1582"]
[BlackElo "1805"]
[PlyCount "49"]
[EventDate "2023.11.23"]
[EventType "swiss"]
[EventRounds "7"]
[EventCountry "GER"]
[SourceTitle "CB50_2023"]
[SourceDate "2023.12.13"]
[SourceVersion "1"]
[SourceVersionDate "2023.12.13"]
[SourceQuality "1"]

1. e4 e5 2. Nf3 Nc6 3. d4 exd4 4. c3 Nf6 5. e5 Nd5 6. cxd4 d6 7. Bg5 Be7 8. Bxe7 Qxe7 9. Bc4 Be6 10. Bxd5 Bxd5 11. 0-0 Bxf3 12. Qxf3 dxe5 13. Nc3 0-0 14. dxe5 Qxe5 15. Rfe1 Qg5 16. Nd5 Nd4 17. Qe4 Ne6 18. f4 Qh5 19. f5 Nc5 20. Qc4 b6 21. b4 Nd7 22. Qxc7 Nf6 23. Nxf6+ gxf6 24. Qf4 Qg5 25. Re4 1/2-1/2

[Event "Rhein Main op-B 25th"]
[Site "Bad Homburg"]
[Date "2023.06.11"]
[Round "7"]
[White "Lebermann, Hellmuth"]
[Black "Gaertner, Johannes"]
[Result "1/2-1/2"]
[WhiteElo "1872"]
[BlackElo "1428"]
[PlyCount "65"]
[EventDate "2023.06.07"]
[EventType "swiss"]
[EventRounds "7"]
[EventCountry "GER"]
[SourceTitle "CBM 215 Extra"]
[Source "ChessBase"]
[SourceDate "2023.09.30"]
[SourceVersion "1"]
[SourceVersionDate "2023.09.30"]
[SourceQuality "1"]

1. e4 e6 2. d4 d5 3. e5 c5 4. c3 Nc6 5. Nf3 Qb6 6. Be2 cxd4 7. cxd4 Nh6 8. b3 Bb4+ 9. Kf1 Nf5 10. Bb2 Bd7 11. g3 Rc8 12. Kg2 Be7 13. Qd2 a5 14. Rc1 0-0 15. Na3 Nb4 16. Nc2 Nxc2 17. Rxc2 Rxc2 18. Qxc2 Rc8 19. Qd1 Bb5 20. Bxb5 Qxb5 21. Rc1 Qd7 22. Rxc8+ Qxc8 23. Qd3 g6 24. Qc3 Qxc3 25. Bxc3 b6 26. Kf1 Kf8 27. Ke2 Ke8 28. Kd3 h5 29. Ne1 Kd7 30. Nc2 Kc6 31. f3 Kb5 32. Bd2 Bf8 33. Be1 1/2-1/2

[Event "Heusenstamm Sparkassen op-B 6th"]
[Site "Heusenstamm"]
[Date "2019.11.23"]
[Round "5"]
[White "Gaertner, Johannes"]
[Black "Scheerer, Julian"]
[Result "0-1"]
[WhiteElo "1344"]
[BlackElo "1483"]
[PlyCount "118"]
[EventDate "2019.11.21"]
[EventType "swiss"]
[EventRounds "7"]
[EventCountry "GER"]
[SourceTitle "CBM 194 Extra"]
[Source "ChessBase"]
[SourceDate "2020.03.31"]
[SourceVersion "1"]
[SourceVersionDate "2020.03.31"]
[SourceQuality "1"]

1. d4 d5 2. c4 e6 3. Nc3 Nf6 4. Nf3 Be7 5. e3 0-0 6. Be2 dxc4 7. Bxc4 b6 8. 0-0 Bb7 9. a3 Nbd7 10. b4 c6 11. Re1 Nd5 12. Bb2 Rc8 13. Rc1 N7f6 14. Qe2 Nxc3 15. Bxc3 Ne4 16. Red1 Qc7 17. Bd3 c5 18. Bxe4 Bxe4 19. bxc5 bxc5 20. dxc5 Bxf3 21. Qxf3 Qxc5 22. Bb2 Qb5 23. Rb1 Rb8 24. Qg4 g6 25. Qd4 f6 26. Qc3 Rfc8 27. Qd3 Qxd3 28. Rxd3 Rc2 29. Rd7 Rcxb2 30. Rbd1 Rb1 31. g3 Rxd1+ 32. Rxd1 Bxa3 33. Rd7 Ra8 34. Rd3 Bb4 35. Rd4 a5 36. f4 Kf7 37. Kf2 Ke7 38. e4 Rd8 39. Rc4 Kd7 40. Rd4+ Kc7 41. Rc4+ Kb6 42. Ke3 Rd7 43. h4 Kb5 44. Rc2 a4 45. Ra2 a3 46. g4 Rd2 47. Ra1 a2 48. f5 exf5 49. exf5 gxf5 50. gxf5 Bc3 51. Rc1 Rd7 52. Rxc3 a1Q 53. Rb3+ Kc4 54. Rb8 Qd4+ 55. Kf3 Re7 56. Rc8+ Kd3 57. Rc1 Qe3+ 58. Kg4 Re4+ 59. Kh5 Rxh4+ 0-1

[Event "Bad Soden U14 op 5th"]
[Site "Bad Soden"]
[Date "2018.10.01"]
[Round "3.5"]
[White "Graef, Jakob Vincent"]
[Black "Gaertner, Johannes"]
[Result "1-0"]
[WhiteElo "1520"]
[BlackElo "1071"]
[PlyCount "83"]
[EventDate "2018.09.30"]
[EventType "swiss"]
[EventRounds "7"]
[EventCountry "GER"]
[SourceTitle "EXT 2020"]
[Source "ChessBase"]
[SourceDate "2019.10.17"]
[SourceVersion "1"]
[SourceVersionDate "2019.10.17"]
[SourceQuality "1"]

1. e4 e6 2. d4 d5 3. e5 c5 4. c3 Qb6 5. Nf3 Nc6 6. Bd3 Bd7 7. Qb3 Qxb3 8. axb3 cxd4 9. cxd4 Nb4 10. Ke2 Nxd3 11. Kxd3 Bb4 12. Nc3 Ne7 13. Bd2 0-0 14. h4 f5 15. g3 a6 16. h5 h6 17. Nh4 Kh7 18. f3 Be8 19. Ng2 Rc8 20. Nf4 Ng8 21. Nxe6 Rf7 22. Nxd5 Bxd2 23. Kxd2 Bc6 24. Nb6 Re8 25. Nf4 Bxf3 26. Rhf1 Bc6 27. Nc4 Rd7 28. Nd6 Rf8 29. Ng6 Rfd8 30. Rxf5 Bd5 31. Nf8+ Rxf8 32. Rxf8 Bxb3 33. Rc1 Be6 34. Re8 Bd5 35. Rcc8 Kh8 36. e6 Bxe6 37. Rxe6 g5 38. Rxh6+ Rh7 39. Rxh7+ Kxh7 40. g4 Nf6 41. Rc7+ Kh6 42. Nf5# 1-0

[Event "Bad Soden U14 op"]
[Site "Bad Soden"]
[Date "2017.10.01"]
[Round "3"]
[White "Albrecht, Edwin"]
[Black "Gaertner, Johannes"]
[Result "1/2-1/2"]
[WhiteElo "952"]
[BlackElo "878"]
[PlyCount "38"]
[EventDate "2017.09.30"]
[EventType "swiss"]
[EventRounds "9"]
[EventCountry "GER"]
[SourceTitle "EXT 2019"]
[Source "ChessBase"]
[SourceDate "2018.10.10"]
[SourceVersion "1"]
[SourceVersionDate "2018.10.10"]
[SourceQuality "1"]

1. e4 e6 2. Nf3 d5 3. d3 c5 4. c3 Nc6 5. Be3 b6 6. Nbd2 Bd6 7. g3 Nge7 8. Bh3 0-0 9. 0-0 Bb7 10. Bg5 h6 11. exd5 exd5 12. Be3 Re8 13. Re1 Bc8 14. Bg2 Be6 15. d4 c4 16. b3 b5 17. a3 Nf5 18. Qc2 Nxe3 19. Rxe3 a6 1/2-1/2